000 00391nam a2200157Ia 4500
008 230711s9999||||xx |||||||||||||| ||und||
041 _aENG
082 _a620
_bLI-H
100 _aLikhi,S.K
245 0 _aHydraulic laboratory manual
250 _a1st . Ed.
260 _c1995
_aNew Delhi
_bNew Age International Publishers
300 _a95
650 _aMechanical Engineering
942 _cBK
999 _c4903
_d4903